LIBRARY & INFORMATION CENTRE, KCAET, TAVANUR

ONLINE PUBLIC ACCESS CATALOGUE (OPAC)

Recommendation for liquid flow measurement in open channels by weirs and flumes End depth method for estimation of flow in rectangular channels with a free overfall / (Record no. 10932)

MARC details
000 -LEADER
fixed length control field 01057cam a2200157ua 4500
041 ## - LANGUAGE CODE
Language code of text/sound track or separate title eng
082 ## - DEWEY DECIMAL CLASSIFICATION NUMBER
Classification number 532.572
Item number IND/RE
245 ## - TITLE STATEMENT
Title Recommendation for liquid flow measurement in open channels by weirs and flumes End depth method for estimation of flow in rectangular channels with a free overfall /
250 ## - EDITION STATEMENT
Edition statement 1 /
260 ## - PUBLICATION, DISTRIBUTION, ETC. (IMPRINT)
Place of publication New Delhi :
Name of publisher Indian standards institution ,
Year of publication 1982.
300 ## - PHYSICAL DESCRIPTION
Number of Pages 10 ; .
942 ## - ADDED ENTRY ELEMENTS (KOHA)
Koha item type Books
Holdings
Withdrawn status Lost status Damaged status Home library Current library Date acquired Full call number Accession Number Koha item type
      KAUAET KAUAET 07/04/2012 532.572 17379 Standards
free website counter